The Enemy Within : (Record no. 522845)
[ view plain ]
| 000 -LEADER | |
|---|---|
| fixed length control field | 01448cam a22003857a 4500 |
| 001 - CONTROL NUMBER | |
| control field | 14633402 |
| 003 - CONTROL NUMBER IDENTIFIER | |
| control field | NUST |
| 005 - DATE AND TIME OF LATEST TRANSACTION | |
| control field | 20190124095516.0 |
| 008 - FIXED-LENGTH DATA ELEMENTS--GENERAL INFORMATION | |
| fixed length control field | 061114s2006 enka b 001 0 eng d |
| 010 ## - LIBRARY OF CONGRESS CONTROL NUMBER | |
| LC control number | 2006299542 |
| 015 ## - NATIONAL BIBLIOGRAPHY NUMBER | |
| National bibliography number | GBA663045 |
| Source | bnb |
| 016 7# - NATIONAL BIBLIOGRAPHIC AGENCY CONTROL NUMBER | |
| Record control number | 013512488 |
| Source | Uk |
| 020 ## - INTERNATIONAL STANDARD BOOK NUMBER | |
| International Standard Book Number | 1841769339 (hbk.) |
| 020 ## - INTERNATIONAL STANDARD BOOK NUMBER | |
| International Standard Book Number | 9781841769332 |
| 035 ## - SYSTEM CONTROL NUMBER | |
| System control number | (OCoLC)ocm70672467 |
| 035 ## - SYSTEM CONTROL NUMBER | |
| System control number | (OCoLC)70672467 |
| 038 ## - RECORD CONTENT LICENSOR | |
| Staff Name | Tanveer |
| 040 ## - CATALOGING SOURCE | |
| Original cataloging agency | UKM |
| Transcribing agency | UKM |
| Modifying agency | BAKER |
| -- | C#P |
| -- | DLC |
| 042 ## - AUTHENTICATION CODE | |
| Authentication code | lccopycat |
| 050 00 - LIBRARY OF CONGRESS CALL NUMBER | |
| Classification number | UB270 |
| Item number | .C76 2006 |
| 082 04 - DEWEY DECIMAL CLASSIFICATION NUMBER | |
| Classification number | 355.3432 |
| Edition number | 22 |
| Author Mark | CRO |
| 100 1# - MAIN ENTRY--PERSONAL NAME | |
| Personal name | Crowdy, Terry. |
| 9 (RLIN) | 13152 |
| 245 14 - TITLE STATEMENT | |
| Title | The Enemy Within : |
| Remainder of title | a history of espionage / |
| Statement of responsibility, etc. | Terry Crowdy. |
| 260 ## - PUBLICATION, DISTRIBUTION, ETC. | |
| Place of publication, distribution, etc. | Oxford ; |
| -- | New York : |
| Name of publisher, distributor, etc. | Osprey, |
| Date of publication, distribution, etc. | 2006. |
| 300 ## - PHYSICAL DESCRIPTION | |
| Extent | 368 p. : |
| Other physical details | ill. (some col.) ; |
| Dimensions | 25 cm. |
| 504 ## - BIBLIOGRAPHY, ETC. NOTE | |
| Bibliography, etc. note | Includes bibliographical references (p. 355-357) and index. |
| 650 #0 - SUBJECT ADDED ENTRY--TOPICAL TERM | |
| Topical term or geographic name entry element | Espionage |
| General subdivision | History. |
| 9 (RLIN) | 13153 |
| 650 #0 - SUBJECT ADDED ENTRY--TOPICAL TERM | |
| Topical term or geographic name entry element | Military intelligence |
| General subdivision | History. |
| 9 (RLIN) | 13154 |
| 856 41 - ELECTRONIC LOCATION AND ACCESS | |
| Materials specified | Table of contents only |
| Uniform Resource Identifier | <a href="http://www.loc.gov/catdir/toc/fy0704/2006299542.html">http://www.loc.gov/catdir/toc/fy0704/2006299542.html</a> |
| 856 42 - ELECTRONIC LOCATION AND ACCESS | |
| Materials specified | Contributor biographical information |
| Uniform Resource Identifier | <a href="http://www.loc.gov/catdir/enhancements/fy0709/2006299542-b.html">http://www.loc.gov/catdir/enhancements/fy0709/2006299542-b.html</a> |
| 856 42 - ELECTRONIC LOCATION AND ACCESS | |
| Materials specified | Publisher description |
| Uniform Resource Identifier | <a href="http://www.loc.gov/catdir/enhancements/fy0709/2006299542-d.html">http://www.loc.gov/catdir/enhancements/fy0709/2006299542-d.html</a> |
| 906 ## - LOCAL DATA ELEMENT F, LDF (RLIN) | |
| a | 7 |
| b | cbc |
| c | copycat |
| d | 2 |
| e | ncip |
| f | 20 |
| g | y-gencatlg |
| 942 ## - ADDED ENTRY ELEMENTS (KOHA) | |
| Source of classification or shelving scheme | |
| Koha item type | Book |
| Withdrawn status | Lost status | Source of classification or shelving scheme | Damaged status | Not for loan | Permanent Location | Current Location | Date acquired | Total Checkouts | Total Renewals | Full call number | Barcode | Date last seen | Date last checked out | Price effective from | Koha item type |
|---|---|---|---|---|---|---|---|---|---|---|---|---|---|---|---|
| Central Library (CL) | Central Library (CL) | 01/24/2019 | 1 | 2 | 355.3432 CRO | NIT-8949 | 01/29/2025 | 10/18/2021 | 01/24/2019 | Book |
